حوارات للتاريخ مع ملوك ورؤساء الدول والحكومات في مصر والعالم / (Record no. 6365)

MARC details
000 -الفاتح
حقل البيانات ثابتة الطول 00701nac a22001691u 4500
008 - عناصر البيانات ثابتة الطول - معلومات عامة
حقل البيانات ثابتة الطول 080914s1998 xxu||||| |||| 00| 0 ara d
020 ## - الرقم الدولى المعيارى للكتب
الرقم الدولى المعيارى للكتاب 9770158682
082 ## - رقم تصنيف ديوى العشرى
رقم التصنيف 327.1
رقم المادة ن ا ف
245 ## - بيان العنوان
العنوان حوارات للتاريخ مع ملوك ورؤساء الدول والحكومات في مصر والعالم /
بيان المسئوليه,etc إبراهيم نافع
260 ## - PUBLICATION, DISTRIBUTION, ETC. (IMPRINT)
مكان الناشر او الموزع القاهرة :
اسم الناشر او الموزع الهيئة المصرية العامة للكتاب ،
تاريخ النشر أو التوزيع 1998.
300 ## - الوصف المادى
التعداد 452 ص ؛
أبعاد الوعاء 24 سم.
تفاصيل ماديه اخرى للوعاء ايض :
511 ## -
-- Catalogued by: Sara
650 ## - المدخل الاضافى بالموضوع-مصطلح موضوعى
مصطلح موضوعي أو اسم جغرافي كعنصر مدخل السياسة الدولية
9 (RLIN) 17594
650 ## - المدخل الاضافى بالموضوع-مصطلح موضوعى
مصطلح موضوعي أو اسم جغرافي كعنصر مدخل المقابلات الصحفية
9 (RLIN) 21028
650 ## - المدخل الاضافى بالموضوع-مصطلح موضوعى
مصطلح موضوعي أو اسم جغرافي كعنصر مدخل الملوك والحكام
9 (RLIN) 16087
942 ## - عناصر المدخل الإضافي( كوها)
Koha [default] item type Book - Borrowing
سابقة رقم الطلب 327.1 ن ا ف
مصدر التصنيف او مخطط الترفيف Dewey Decimal Classification
Holdings
حالة التراجع حالة الفقد مصدر التصنيف او خطة الترفيف حالة تلف ليس للاعارة مجموعات كوها المكان الدائم المكان الحالي موقع الترفيف تاريخ الاكتساب Source of acquisition رقم الاستدعاء الباركود Date last seen نوع الوعاء
    Dewey Decimal Classification     Alef-Baa Central Library Central Library First floor 21/11/2007   327.1 ن ا ف 000007916 15/07/2025 Book - Borrowing